Misunderstood Phrases - Statistics

General Stats
  • This quiz has been taken 37 times
  • The average score is 13 of 17
Answer Stats
Hint Answer % Correct
like a bowl in a china shop like a {bull} in a china shop
94%
taken for granite taken for {granted}
94%
bear of bad news {bearer} of bad news
91%
It takes two to tangle. It takes two to {tango}.
91%
mind bottling mind-{boggling}
85%
four horsemen of the a pack of lips four horsemen of the {apocalypse}
82%
It's a doggy dog's world. It's a {dog eat dog} world.
82%
biting my time {biding} my time
79%
from the gecko from the {get-go}
79%
except a bowl acceptable
76%
a diamond dozen a {dime a} dozen
74%
escape goat scapegoat
74%
old wise tale old {wives'} tale
71%
Never kick a gift horse in the mouth. Never {look} a gift horse in the mouth.
68%
Belgian whistles {bells and} whistles
65%
of that elk of that {ilk}
62%
flaming yawn filet mignon
41%
No matching quizzes found
Score Distribution
Percent of People with Each Score
Percentile by Number Answered
Your Score History
You have not taken this quiz